000
00309nam a2200133Ia 4500
005
20251222144636.0
008
251222s9999||||xx |||||||||||||| ||spa||
020
_a
978-9972-46-392-1
082
_a
306/P72
100
_a
Podestá, Bruno
245
0
_a
Las Dos Caras de Jano:
264
_b
UNMSM
942
_c
LIB
999
_c
16508
_d
16508